Normal view MARC view
  • Fabra Aguilar, Adriana,

Entry Personal Name

Number of records used in: 0

001 - CONTROL NUMBER

  • control field: 1686

003 - CONTROL NUMBER IDENTIFIER

  • control field: KE-NaSUL

005 - DATE AND TIME OF LATEST TRANSACTION

  • control field: 20241121132908.0

008 - FIXED-LENGTH DATA ELEMENTS

  • fixed length control field: 241121|| aca||aabn | a|a d

040 ## - CATALOGING SOURCE

  • Original cataloging agency: KE-NaSUL
  • Transcribing agency: KE-NaSUL

100 ## - HEADING--PERSONAL NAME

  • Personal name: Fabra Aguilar, Adriana,
  • Dates associated with a name: 1966-

670 ## - SOURCE DATA FOUND

  • Source citation: Work cat.: (KE-NaSUL)317784: Sands, Philippe, 1960- author. 1683, Principles of international environmental law /, 2018.

© Strathmore University Library
Madaraka Estate, Ole Sangale Road | P. O. Box 59857 - 00200 City Square, Nairobi, Kenya
(+254) (0)703 034 000/200/300 | (+254) (0)20-607498